Normal view
MARC view
- Rabbani Wahid Bakhsh
Entry Personal Name
001 - CONTROL NUMBER
- control field: 358
003 - CONTROL NUMBER IDENTIFIER
- control field: NUST
005 - DATE AND TIME OF LATEST TRANSACTION
- control field: 20170510171722.0
008 - FIXED-LENGTH DATA ELEMENTS
- fixed length control field: 170510|| aca||aabn | a|a d
040 ## - CATALOGING SOURCE
- Original cataloging agency: NUST
- Transcribing agency: NUST
100 ## - HEADING--PERSONAL NAME
- Personal name: Rabbani Wahid Bakhsh
670 ## - SOURCE DATA FOUND
- Source citation: Work cat.: (NUST)23639: Rabbani Wahid Bakhsh, The Magnificent Power Potential of Pakistan, c2002
